000 00966nam a22001937a 4500
008 100715s1990 xxu||||| |||| 00| 0 ara d
020 _a9770123404
082 _222
_a297.27
_bع ب د
100 1 _916320
_aعبد الحليم ، محي الدين
245 _aالإعلام عن الإسلام في غير ديار الإسلام /
_cمحي الدين عبد الحليم
260 _aالقاهرة :
_bالهيئة المصرية العامة للكتاب ،
_c1990.
300 _a185 ص ؛
_bايض :
_c24 سم.
504 _aيحتوي على إرجاعات ببليوجرافية
541 _aدكتور علاء عبد الغني ؛
_cإهداء ؛
650 _916025
_aالاعلام الدولي
650 _916321
_aالاسلام والاعلام
942 _2ddc
_cBB
999 _c14485
_d14485